Ministros do STF - Statistics

Estatísticas Gerais
  • Esse quiz foi jogado 41 vezes
  • A pontuação média é 13 de 31
Estatísticas das Respostas
Imagem Resposta % Correto
Alexandre de Moraes
94%
Carmen Lúcia
91%
Flávio Dino
91%
Luiz Fux
89%
Cristiano Zanin
83%
Luís Roberto Barroso
74%
Edson Fachin
66%
Rosa Weber
66%
André Mendonça
63%
Antônio Dias Toffoli
63%
Gilmar Mendes
60%
Joaquim Barbosa
57%
Kassio Nunes Marques
51%
Ricardo Lewandowski
51%
Teori Zavascki
43%
Marco Aurélio Mello
34%
Celso de Mello
29%
Ayres Britto
26%
Eros Grau
26%
Ellen Gracie
23%
Menezes Direito
14%
Sepúlveda Pertence
11%
Cezar Peluso
9%
Nelson Jobim
9%
Paulo Brossard
9%
Ilmar Galvão
6%
Maurício Corrêa
6%
Carlos Madeira
3%
Carlos Velloso
3%
Célio Borja
3%
Francisco Rezek
3%
Nenhum quiz correspondente encontrado
Distribuição das Pontuações
Porcentagem de Pessoas com Cada Pontuação
Percentil de Números Respondidos
Sua Pontuação Histórica
Você não jogou esse quiz